Statistics for Guess these Random Countries without any Clues #1

Click here to take the quiz!

General Stats

  • This quiz has been taken 11 times
  • The average score is 8 of 20

Answer Stats

Answer% Correct
Andorra
100%
Argentina
100%
Azerbaijan
100%
Bulgaria
100%
Cambodia
100%
Canada
100%
Cape Verde
100%
Chile
100%
Croatia
100%
Djibouti
100%
Finland
100%
Guyana
100%
Kosovo
100%
Laos
100%
Lesotho
100%
Madagascar
100%
Mexico
100%
Mozambique
100%
Myanmar
100%
Pakistan
100%
Palau
100%
Papua New Guinea
100%
Poland
100%
Russia
100%
Saint Kitts and Nevis
100%
South Africa
100%
South Korea
100%
Sweden
100%
Turkey
100%
Turkmenistan
100%
Uganda
100%
Ukraine
100%
United Kingdom
100%
United States
100%
Vanuatu
100%
Colombia
67%
Egypt
67%
Ethiopia
67%
Germany
67%
Algeria
50%
Antigua and Barbuda
50%
Benin
50%
Chad
50%
Guinea
50%
Iran
50%
Israel
50%
Kuwait
50%
Liechtenstein
50%
Mauritius
50%
Namibia
50%
Qatar
50%
Serbia
50%
Tanzania
50%
United Arab Emirates
50%
Uruguay
50%
Uzbekistan
50%
Vatican City
50%
Venezuela
50%
Afghanistan
33%
Bahamas
33%
Burundi
33%
Dominican Republic
33%
Jamaica
33%
Maldives
33%
Saint Vincent and the Grenadines
33%
Seychelles
33%
Suriname
33%
Albania
0%
Angola
0%
Armenia
0%
Australia
0%
Austria
0%
Bahrain
0%
Bangladesh
0%
Barbados
0%
Belarus
0%
Belgium
0%
Belize
0%
Bhutan
0%
Bolivia
0%
Bosnia and Herzegovina
0%
Botswana
0%
Brazil
0%
Brunei
0%
Burkina Faso
0%
Cameroon
0%
Central African Republic
0%
China
0%
Comoros
0%
Costa Rica
0%
Cuba
0%
Cyprus
0%
Czech Republic
0%
Democratic Republic of the Congo
0%
Denmark
0%
Dominica
0%
East Timor
0%
Ecuador
0%
El Salvador
0%
Equatorial Guinea
0%
Eritrea
0%
Estonia
0%
Eswatini
0%
Federated States of Micronesia
0%
Fiji
0%
France
0%
Gabon
0%
Gambia
0%
Georgia
0%
Ghana
0%
Greece
0%
Grenada
0%
Guatemala
0%
Guinea-Bissau
0%
Haiti
0%
Honduras
0%
Hungary
0%
Iceland
0%
India
0%
Indonesia
0%
Iraq
0%
Ireland
0%
Italy
0%
Ivory Coast
0%
Japan
0%
Jordan
0%
Kazakhstan
0%
Kenya
0%
Kiribati
0%
Kyrgyzstan
0%
Latvia
0%
Lebanon
0%
Liberia
0%
Libya
0%
Lithuania
0%
Luxembourg
0%
Malawi
0%
Malaysia
0%
Mali
0%
Malta
0%
Marshall Islands
0%
Mauritania
0%
Moldova
0%
Monaco
0%
Mongolia
0%
Montenegro
0%
Morocco
0%
Nauru
0%
Nepal
0%
Netherlands
0%
New Zealand
0%
Nicaragua
0%
Niger
0%
Nigeria
0%
North Korea
0%
North Macedonia
0%
Norway
0%
Oman
0%
Panama
0%
Paraguay
0%
Peru
0%
Philippines
0%
Portugal
0%
Republic of the Congo
0%
Romania
0%
Rwanda
0%
Saint Lucia
0%
Samoa
0%
San Marino
0%
São Tomé and Príncipe
0%
Saudi Arabia
0%
Senegal
0%
Sierra Leone
0%
Singapore
0%
Slovakia
0%
Slovenia
0%
Solomon Islands
0%
Somalia
0%
South Sudan
0%
Spain
0%
Sri Lanka
0%
Sudan
0%
Switzerland
0%
Syria
0%
Taiwan
0%
Tajikistan
0%
Thailand
0%
Togo
0%
Tonga
0%
Trinidad and Tobago
0%
Tunisia
0%
Tuvalu
0%
Vietnam
0%
Yemen
0%
Zambia
0%
Zimbabwe
0%

Score Distribution

Percentile by Number Answered

Percent of People with Each Score

Your Score History

You have not taken this quiz